Finding the Front Office Employee Characteristics that Influence Customer Satisfaction Customer in Three-Star and Five-Star Hotels in Athens/Bachelor Thesis: BA (HONS) International Hospitality Management (Record no. 8507)
[ view plain ]
| 000 -LEADER | |
|---|---|
| fixed length control field | 01033cam a22001934a 4500 |
| 005 - ΗΜΕΡΟΜΗΝΙΑ ΚΑΙ ΩΡΑ ΤΕΛΕΥΤΑΙΑΣ ΕΝΗΜΕΡΩΣΗΣ | |
| Πεδίο ελέγχου | 20250605164338.0 |
| 008 - FIXED-LENGTH DATA ELEMENTS--GENERAL INFORMATION | |
| Πεδίο ελέγχου σταθερού μήκους | 250528s ||||||||||||||||||||||||d |
| 035 ## - SYSTEM CONTROL NUMBER | |
| System control number | 23497 |
| 040 ## - ΠΗΓΗ ΚΑΤΑΛΟΓΟΓΡΑΦΗΣΗΣ | |
| Φορέας πρωτότυπης καταλογογράφησης | MC Athens Campus Library |
| Γλώσσα καταλογογράφησης | Ελληνικά, Μοντέρνα (1453-) |
| Modifying agency | MC Athens Campus Library |
| Κανόνες περιγραφικής καταλογογράφησης | AACR2 |
| 245 1# - ΤΙΤΛΟΣ ΚΑΙ ΔΗΛΩΣΗ ΥΠΕΥΘΥΝΟΤΗΤΑΣ | |
| Τίτλος | Finding the Front Office Employee Characteristics that Influence Customer Satisfaction Customer in Three-Star and Five-Star Hotels in Athens/Bachelor Thesis: BA (HONS) International Hospitality Management |
| 260 ## - PUBLICATION, DISTRIBUTION, ETC. | |
| Date of publication, distribution, etc. | 2019 |
| 300 ## - PHYSICAL DESCRIPTION | |
| Extent | 193 |
| 520 ## - SUMMARY, ETC. | |
| Summary, etc. | Abstract, Acknowledgements, Introduction, The Greek Tourism Sector and Its Importance, Hospitality Industry and Hotel Categorization, Research Questions, Literature Review, Research Methodology and Design, Introduction, Research Design, Hotels Chosen for Sampling, Data Collection, Data Analysis, Discussion, Conclusion, Results of the Survey, Recommendations, Limitations, References, Appendixes. |
| 700 1# - ΠΡΟΣΘΕΤΗ ΑΝΑΓΡΑΦΗ--ΦΥΣΙΚΟ ΠΡΟΣΩΠΟ | |
| Personal name | Painesis Gregorios |
| 9 (RLIN) | 9069 |
| 700 1# - ΠΡΟΣΘΕΤΗ ΑΝΑΓΡΑΦΗ--ΦΥΣΙΚΟ ΠΡΟΣΩΠΟ | |
| Personal name | Vladyslava Zaslavska |
| 9 (RLIN) | 9070 |
| 942 ## - ADDED ENTRY ELEMENTS (KOHA) | |
| Koha item type | Διπλωματική εργασία |
| Τύπος τεκμηρίου | Βιβλιοθήκη | Τρέχουσα τοποθεσία | Barcode | Ημερομηνία απόκτησης | Ταξιθετικό σύμβολο | Αριθμός αντιτύπου | Κατάσταση απόσυρσης | Κατάσταση χαμένου | Κατάσταση κατεστραμμένου | Μη δανεισμός | Σύνολο δανεισμών | Ημερομηνία τελευταίας εμφάνισης | Η τιμή ισχύει από |
|---|---|---|---|---|---|---|---|---|---|---|---|---|---|
| Διπλωματική εργασία | MC Athens Campus Library | MC Athens Campus Library | 9780000085061 | 05/06/2025 | TOUR 2019 (1) | 1 | 05/06/2025 | 05/06/2025 |